Normal view
MARC view
- Clinical Medicine
Entry Topical Term
001 - CONTROL NUMBER
- control field: 126227
003 - CONTROL NUMBER IDENTIFIER
- control field: NUST
005 - DATE AND TIME OF LATEST TRANSACTION
- control field: 20241002150732.0
008 - FIXED-LENGTH DATA ELEMENTS
- fixed length control field: 241002|| aca||aabn | a|a d
040 ## - CATALOGING SOURCE
- Original cataloging agency: NUST
- Transcribing agency: NUST
150 ## - HEADING--TOPICAL TERM
- Topical term or geographic name entry element: Clinical Medicine
- Form subdivision: Examination Questions
670 ## - SOURCE DATA FOUND
- Source citation: Work cat.: (NUST)611954: Cvetnic, William 126200, USMLE step 3 : , [2011].
